书目信息

书名: 浙江生态观赏植物新品种 
作者: 高洪娣 樊民亮 严晓素 主编
出版信息: 北京   中国林业出版社  2024.10
开本页数: 26cm  208页
丛书名:
单 册:
中图分类: S68
科图分类:
主题词: 观赏植物--guan shang zhi wu--品种--浙江省
电子资源:
ISBN: 978-7-5219-2948-5
000 01260nam0 2200265 450
001 012025000661
005 20250929094446.3
010    @a978-7-5219-2948-5@dCNY118.00
100    @a20250905d2024 em y0chiy50 ea
101 @achi
102    @aCN@b110000
105    @aa a 000yy
106    @ar
200 @a浙江生态观赏植物新品种@Azhe jiang sheng tai guan shang zhi wu xin pin zhong@f主编高洪娣, 樊民亮, 严晓素
210    @a北京@c中国林业出版社@d2024.10
215    @a208页@c彩图@d26cm
320    @a有书目 (第205-208页)
330    @a本书精心收录了浙江省生态观赏植物新品种17属18种207件。书中不仅着重介绍了新品种的生物学特性、生态观赏价值、资源分布、品种创新、栽培管理和推广应用等情况, 还配有大量精美的图片, 让读者可以直观地感受这些植物的独特魅力。同时, 本书还结合实际案例, 阐述了这些植物在国土绿化、生态景观、产业发展、景观设计、美丽乡村建设以及植物配置等方面的具体应用, 为相关领域的工作者和爱好者提供了丰富的借鉴参考, 有力地推动了浙江省生态建设和美丽浙江的打造。
606 @a观赏植物@Aguan shang zhi wu@x品种@y浙江省
690    @aS68@v5
701  0 @a高洪娣@Agao hong di@4主编
701  0 @a樊民亮@Afan min liang@4主编
701  0 @a严晓素@Ayan xiao su@4主编
801  0 @aCN@bCDNYKJZYXY@c20250905
905    @aCDNYKJZYXY@b300728152-3@dS68@e1118@f2
    
    浙江生态观赏植物新品种/主编高洪娣, 樊民亮, 严晓素.-北京:中国林业出版社,2024.10
    208页:彩图;26cm
    
    
    ISBN 978-7-5219-2948-5:CNY118.00
    本书精心收录了浙江省生态观赏植物新品种17属18种207件。书中不仅着重介绍了新品种的生物学特性、生态观赏价值、资源分布、品种创新、栽培管理和推广应用等情况, 还配有大量精美的图片, 让读者可以直观地感受这些植物的独特魅力。同时, 本书还结合实际案例, 阐述了这些植物在国土绿化、生态景观、产业发展、景观设计、美丽乡村建设以及植物配置等方面的具体应用, 为相关领域的工作者和爱好者提供了丰富的借鉴参考, 有力地推动了浙江省生态建设和美丽浙江的打造。
相关链接 在五车中查询图书 在当当中查询图书 在豆瓣中查询图书


正题名:浙江生态观赏植物新品种     索取号:S68/1118         预约/预借

序号 登录号 条形码 馆藏地/架位号 状态 备注
1 728152   300728152   柳城-4楼/22架4列3层/ [索取号:S68/1118] 在馆    
2 728153   300728153   柳城-4楼/22架4列3层/ [索取号:S68/1118] 在馆